E.R. - Name the episode #4 - Statistics

General Stats
  • This quiz has been taken 4 times
  • The average score is 10 of 15
Answer Stats
Hint Answer % Correct
Snowstorm Blizzard (Season 1)
100%
Chemical spill Exodus (Season 4)
100%
Helicopter tragedy Freefall (Season 10)
100%
Boy trapped during a storm drain Hell and High Water (Season 2)
100%
Smallpox quarantine Lockdown (Season 8) / Chaos Theory (Season 9)
100%
A porch collapse The Show Must Go On (Season 11)
100%
Football game riot Homecoming (Season 7)
67%
Rain storm Partly Cloudy, Chance of Rain (Season 8)
67%
Train wreck The Crossing (Season 7)
67%
School bus accident The Storm (Season 5)
67%
Shooting in the ER Twenty One Guns (Season 12)
67%
School shooting May Day (Season 6)
33%
Ambulance explosion The Chicago Way (Season 14)
33%
Tank assault Forgive and Forget (Season 10)
0%
Two planes collide Two Ships (Season 12)
0%
No matching quizzes found
Score Distribution
Percent of People with Each Score
Percentile by Number Answered
Your Score History
You have not taken this quiz